Educar en y para los derechos humanos

Uloženo v:
Podrobná bibliografie
Hlavní autoři: Magendzo K., Abraham (autor), Donoso F., Patricio (Autor), Vallvé C., Florencia (Autor), Dueñas S., Claudia (Autor), Kaluf A., Cecilia (Autor), Soto L., Salvador (Autor)
Médium: Kniha
Jazyk:španělština
Vydáno: Santiago Cpeip 1993
Vydání:2a. ed
Témata:
Tagy: Přidat tag
Žádné tagy, Buďte první, kdo vytvoří štítek k tomuto záznamu!

MARC

LEADER 00000nam a2200000 a 4500
001 UCO3338
003 CL-VaPUC
008 000720e19930000CL |||||||||||||||||spa|d
082 0 4 |a 370.115  |b MAG  |2 21 
100 |a Magendzo K., Abraham  |e autor  |9 616737 
700 0 |a Donoso F., Patricio  |e author  |9 447424 
700 0 |a Vallvé C., Florencia  |e author  |9 447425 
700 0 |a Dueñas S., Claudia  |e author  |9 447426 
700 0 |a Kaluf A., Cecilia  |e author  |9 447427 
700 0 |a Soto L., Salvador  |e author  |9 447428 
245 1 0 |a Educar en y para los derechos humanos 
250 |a 2a. ed 
300 |a 150 p 
942 |c BK 
945 |d 20000720 00:00:00  |a rbrito 
260 |a Santiago  |b Cpeip  |c 1993 
650 0 |a Derechos humanos  |9 223025 
650 0 |a Democratización de la educación  |9 307986 
650 0 |a Aspectos jurídicos  |9 328188 
583 |a last modification  |c 20000720 00:00:00  |k Rodrigo Vera 
999 |c 289797  |d 289795 
952 |0 0  |1 0  |4 0  |6 370_115000000000000_MAG_1993  |7 0  |8 A  |9 338538  |a BIBEDU  |b BIBEDU  |d 2019-11-20  |i 3630285  |o 370.115 MAG 1993  |p 3630285  |r 2019-11-20  |w 2019-11-20  |y BK  |k EPE